LEADER 01632nam 2200397 450 001 9910704857003321 005 20130917110954.0 035 $a(CKB)5470000002445165 035 $a(OCoLC)858423620 035 $a(EXLCZ)995470000002445165 100 $a20130917d1995 ua 0 101 0 $aeng 135 $aur||||||||||| 181 $ctxt$2rdacontent 182 $cc$2rdamedia 183 $acr$2rdacarrier 200 13$aAn Act to Amend the Clean Air Act to Provide for an Optional Provision for the Reduction of Work-Related Vehicle Trips and Miles Traveled in Ozone Nonattainment Areas Designated as Severe, and for Other Purposes 210 1$a[Washington, D.C.] :$c[U.S. Government Printing Office],$d[1995] 215 $a1online resource (1 unnumbered page) 300 $aTitle from title screen (viewed on September 17, 2013). 300 $a"Dec. 23, 1995, (H.R. 325)." 300 $a"109 Stat. 773." 300 $a"Public Law 104-70." 606 $aEmployer-sponsored transportation$xLaw and legislation$zUnited States 606 $aCommuting$zUnited States 606 $aTraffic congestion$zUnited States 615 0$aEmployer-sponsored transportation$xLaw and legislation 615 0$aCommuting 615 0$aTraffic congestion 712 02$aUnited States. 801 0$bGPO 801 1$bGPO 906 $aBOOK 912 $a9910704857003321 996 $aAn Act to Amend the Clean Air Act to Provide for an Optional Provision for the Reduction of Work-Related Vehicle Trips and Miles Traveled in Ozone Nonattainment Areas Designated as Severe, and for Other Purposes$93494443 997 $aUNINA